Les 36 clubs participants à la Ligue Europa (2025-2026) - Statistiques

Statistiques générales
  • Ce quiz a été pris 113 fois
  • Le résultat moyen est 23 sur 37
Statistiques - réponses
Pays Club % Correct
France OGC Nice
93%
France Olympique Lyonnais
91%
France LOSC
90%
Ecosse Celtic Glasgow
85%
Ecosse Rangers
84%
Italie AS Rome
82%
Angleterre Aston Villa
82%
Portugal FC Porto
81%
Pays-Bas Feyenoord Rotterdam
79%
Suisse Young Boys
78%
Portugal SC Braga
76%
Angleterre Nottingham Forest
74%
Croatie Dinamo Zagreb
71%
Serbie Etoile Rouge de Belgrade
69%
Roumanie FCSB
68%
Israël Maccabi Tel Aviv
68%
Autriche RB Salzbourg
68%
Espagne Real Betis
65%
Suisse FC Bâle
63%
Suède Malmö
62%
Allemagne SC Fribourg
62%
Turquie Fenerbahçe
54%
Grèce Panathinaïkos
54%
Grèce PAOK Salonique
53%
Italie Bologne
51%
Azerbaïdjan Ferencváros
51%
Hongrie Ferencvaros
51%
Autriche Sturm Graz
50%
Espagne Celta Vigo
47%
Allemagne VfB Stuttgart
47%
Belgique KRC Genk
46%
Bulgarie Ludogorets
44%
Pays-Bas FC Utrecht
40%
Tchéquie Viktoria Plzen
38%
Pays-Bas Go Ahead Eagles
37%
Norvège SK Brann
25%
Danemark FC Midtjylland
24%
Aucun quiz correspondant
Distribution des résultats
% des personnes avec chaque résultat
Percentile par nombre de réponses
Votre historique - résultats
Vous n’avez pas pris ce quiz